00633nam a2200181 a 450000100100000000500170001000800410002702000180006804000250008610000300011124500850014126000520022630000210027850000210029904900090032095201050032999900170043400003428720200930073623.0110929s2008 enk 000 0 spa d a9781905622177 aDO-SdBNPbspacBNPHU1 aCherkaoui, Mohamed95971413aEl Sahara :bvínculos sociales y retos geoestratégicos /cMohamed Cherkaoui. aOxford :bThe Bardwell PressbSiglo XXI,c2008. a217 p. ;c25 cm. aIncluye índice aBNPD 001050718MOaGRbGRcCTd2011-09-29iLF1l0o p34287-10r2020-06-25w2020-06-25y1ZNo se presta c33778d33778